| 000 | 00618nam a2200169 i 4500 | ||
|---|---|---|---|
| 001 | 30478 | ||
| 003 | ES-MaACL | ||
| 005 | 20230906154212.0 | ||
| 007 | t| | ||
| 008 | 030124s1961 sp ||||1| spa d | ||
| 100 | 1 |
_aBayerri y Bertomeu, Enrique. _926659 |
|
| 245 | 1 | 0 |
_aColón tal cual fué _b: los problemas de la nacionalidad y de la personalidad de Colón y su resolución más justificada / _cpor Enrique Bayerri y Bertomeu. |
| 260 |
_aBarcelona : _bPorter, _c[1961] |
||
| 300 |
_a802 p., 2 lám. ; _c25 cm. |
||
| 600 | 1 | 4 |
_aColón, Cristóbal- _xLugar de nacimiento. _9164774 |
| 852 |
_aES-MaACL _jC-20482 _bR.48669 |
||
| 999 |
_c30478 _d30478 |
||